Statistics for Sting Charting Songs (Billboard Club Play)

Click here to take the quiz!

General Stats

  • This quiz has been taken 7 times
  • The average score is 2 of 9

Answer Stats

AlbumWeeks OnPeakArtist(s)Song% Correct
Brand New Day14 Weeks#5Sting ft. Cheb MamiDesert Rose
75%
All This Time11 Weeks#20StingFragile
25%
The Dream of the Blue Turtles9 Weeks#10StingIf You Love Somebody Set Them Free
25%
My Songs16 Weeks#1 (1 Week)StingIf You Love Somebody Set Them Free 2019
25%
Interstellaires15 Weeks#1 (1 Week)Mylene Farmer & StingStolen Car
25%
Sacred Love13 Weeks#1 (1 Week)Sting ft. TwistaStolen Car (Take Me Dancing)
25%
44/87616 Weeks#3Sting & ShaggyDon't Make Me Wait
0%
Sacred Love14 Weeks#1 (1 Week)StingSend Your Love
0%
Nothing Like the Sun9 Weeks#17StingWe'll Be Together
0%

Score Distribution

Percentile by Number Answered

Percent of People with Each Score

Your Score History

You have not taken this quiz